000 00432nam a2200181Ia 4500
005 20250603145625.0
008 250603s9999 xx 000 0 und d
020 _a978-0-07-128010-5
050 _aHM 1221 .P82/
245 0 _aPublic relations : the profession and the practice
250 _a3rd ed.
260 _aNew York
260 _bMcGraw Hill
260 _c2009
300 _a393 p
650 _aNew York
942 _cBK
999 _c42377
_d42377